000 00784nam a2200265Ia 4500
005 20260121170604.0
008 008 260114s9999 xx 000 0 eng d
020 _a9783319917405
037 _aEBOOK
040 _aCRL
040 _beng
040 _cCRL
041 _2eng
041 _aeng
084 _qCRL
100 _aRosa Arboretti, Arne Bathke, Stefano Bonnini, Paolo Bordignon, Eleonora Carrozzo, Livio Corain, Luigi Salmaso
_91065723
245 0 _aParametric and Nonparametric Statistics for Sample Surveys and Customer Satisfaction Data
260 _bSpringer
260 _bSpringer
260 _c2018
856 _uhttps://link.springer.com/openurl?genre=book&isbn=978-3-319-91740-5
942 _cEBOOK
999 _c1631453
_d1631453